| 000 | 00590nam a2200229Ia 4500 | ||
|---|---|---|---|
| 001 | 4215 | ||
| 003 | GE_BSU | ||
| 008 | 181216s||||||||xx |||||||||||||| ||und|| | ||
| 040 | _cGE_BSU | ||
| 080 | _a66.071 | ||
| 100 | _aРамм,В.М. | ||
| 245 | _aАдсорбция газов. | ||
| 245 | _cРед. M.H.Ратманский. | ||
| 250 | _aИзд. 2-е, перераб. и доп. | ||
| 260 | _aМ. | ||
| 260 | _bХимия. | ||
| 260 | _c1976. | ||
| 300 | _a656 стр. 24 см. | ||
| 300 | _e44 табл. 190 рис. | ||
| 653 | _aАдсорбция газов. | ||
| 942 | _cBK | ||
| 999 |
_c38225 _d38225 |
||